Skip to content
VuFind
Language
English
Español
Todo
Libros
eBooks
Revistas
Tesis
Audiovisual
Búsqueda Combinada
All Fields
Title
Author
Subject
Call Number
ISBN/ISSN
Tag
Find
Advanced
Objetivo Bagdad.
Cite this
Text this
Print
Export Record
Export to RefWorks
Export to EndNoteWeb
Export to EndNote
Permanent link
Objetivo Bagdad.
Bibliographic Details
Main Author:
Gresh, Alain
Format:
Libro
Language:
English
Holdings
Description
Preview
Similar Items
Staff View
MARC
LEADER
00000cam a2200000 a 4500
001
035571
003
UAHC_CL
005
20170803123900.0
008
020912b xx j 000 1 eng
040
|a
UAHC_CL
|c
UAHC_CL
|d
UAHC_CL
100
1
|a
Gresh, Alain
245
1
0
|a
Objetivo Bagdad.
900
|a
MONDE DIPLOMATIQUE-23
942
|c
BK
999
|c
35571
|d
35571
Similar Items
Bagdad café
Published: (2005)
Cuentos de Bagdad /
by: Arimon i Ventura, Glòria
Published: (2011)
La noche de Bagdad /
by: González Cabrera, Manuel, 1936-
Published: (2016)
Florencia y Bagdad : una historia de la mirada entre Oriente y Occidente /
by: Belting, Hans
Published: (2012)
Estado Islámico : las frágiles fronteras del Medio Oriente : terrorismo fundamentalista, califato... /
by: Gresh, Alain
Published: (2014)
Also by Gresh, Alain
Estado Islámico : las frágiles fronteras del Medio Oriente : terrorismo fundamentalista, califato... /
by: Gresh, Alain
Published: (2014)
El atlas de Le Monde diplomatique III : un mundo al revés, de la hegemoníaoccidental al policentrismo /
Published: (2009)
El atlas de Le Monde diplomatique : el diplo /
Published: (2003)
El atlas II de Le Monde diplomatique : "el diplo" /
Published: (2006)